000 00941nac a22002777a 4500
001 BR0304554
003 BR-BrBNA
005 20240105122858.0
008 230509b bl.|||m| |||| 00| 0 por d
040 _aBR-BrBNA
_bpor
_cBiblioteca Nacional de Agricultura
072 _aU10
090 _aU10 BR0304554
100 1 _aFesta, M.N.
100 1 _aEvangelista, S.R.M.
100 1 _aGonçalves, A.R.
110 1 _aEMBRAPA Informática Agropecuária, Campinas, SP (Brasil)
_93638
245 1 _aAplicativo para agrupamento de médias na análise de variância - Método de Scott-Knott
260 3 _aCampinas, SP (Brasil):
_c2000.
300 _a11 p.
490 _aRelatório Técnico - EMBRAPA Informática Agropecuária (Brazil)
_vno. 7
_xISSN 1517-0330
500 _aSummaries (En, Pt)
650 _aMÉTODO ESTATÍSTICO
650 _aANÁLISE DE DADOS
909 _a202312
_bLúcia Elande
_c55
_dLúcia Elande
942 _2AGRIS
_n0
_cMS
999 _c293160
_d293160